[Event "CAN-ch U16"]
[Site "Victoria"]
[Date "2009.07.21"]
[Round "2"]
[White "Fan, Brendan"]
[Black "Nadeau, Emmanuel"]
[Result "1-0"]
[WhiteElo "2006"]
[BlackElo "1734"]
[PlyCount "51"]
[EventDate "2009.07.21"]
[EventType "swiss"]
[EventRounds "7"]
[EventCountry "CAN"]
[SourceTitle "EXT 2011"]
[Source "ChessBase"]
[SourceDate "2010.11.26"]
[SourceVersion "1"]
[SourceVersionDate "2010.11.26"]
[SourceQuality "1"]

1. e4 c5 2. Nc3 e6 3. f4 Nc6 4. Nf3 d6 5. Bc4 Be7 6. 0-0 Nf6 7. d3 a6 8. a3 0-0 9. e5 dxe5 10. fxe5 Nd5 11. Qe2 b5 12. Ba2 Qd7 13. Ne4 Bb7 14. Qf2 Rac8 15. Qg3 f6 16. Bh6 Rf7 17. exf6 Nxf6 18. Rae1 Nxe4 19. Rxe4 Nd8 20. Ne5 Rxf1+ 21. Kxf1 Bd6 22. Nxd7 Bxg3 23. Rg4 Rc7 24. Rxg7+ Kh8 25. Re7 Kg8 26. Nf6+ 1-0

[Event "CAN-ch U14"]
[Site "Quebec"]
[Date "2008.07.16"]
[Round "5"]
[White "Nadeau, Emmanuel"]
[Black "Sapozhnikov, Roman"]
[Result "1/2-1/2"]
[WhiteElo "1757"]
[BlackElo "2180"]
[PlyCount "113"]
[EventDate "2008.07.14"]
[EventType "swiss"]
[EventRounds "7"]
[EventCountry "CAN"]
[SourceTitle "EXT 2011"]
[Source "ChessBase"]
[SourceDate "2010.11.26"]
[SourceVersion "1"]
[SourceVersionDate "2010.11.26"]
[SourceQuality "1"]

1. e4 c5 2. Nf3 Nc6 3. d4 cxd4 4. Nxd4 e6 5. Nc3 Nf6 6. Be3 Bb4 7. Bd3 d5 8. Nxc6 bxc6 9. e5 d4 10. Bd2 dxc3 11. bxc3 Be7 12. exf6 Bxf6 13. 0-0 0-0 14. Qh5 g6 15. Qf3 Bd7 16. Rfd1 Qe7 17. Be4 Bg7 18. a4 Rfc8 19. Rab1 f5 20. Bd3 Rab8 21. Ba6 Rd8 22. h3 e5 23. Bg5 Qxg5 24. Rxb8 Rxb8 25. Rxd7 Rb1+ 26. Rd1 Rxd1+ 27. Qxd1 Qe7 28. Qd3 Qc5 29. Qd7 h5 30. g4 hxg4 31. hxg4 e4 32. gxf5 gxf5 33. Qe8+ Bf8 34. Qg6+ Kh8 35. Qf7 f4 36. Qxf4 Bd6 37. Qxe4 Qg5+ 38. Kf1 Qc1+ 39. Qe1 Qh6 40. Qe8+ Kg7 41. Bd3 Qh3+ 42. Ke1 Qh6 43. Qd7+ Kh8 44. Qf7 Qh1+ 45. Ke2 Qh6 46. Qg6 Qh2 47. Qf6+ Kg8 48. Bc4+ Kh7 49. Qf7+ Kh6 50. Bd3 Qh5+ 51. Qxh5+ Kxh5 52. a5 Be5 53. c4 Bd4 54. f4 Kg4 55. f5 Kf4 56. Ke1 Bc3+ 57. Kd1 1/2-1/2

[Event "CAN-ch U14"]
[Site "Ottawa"]
[Date "2007.07.04"]
[Round "4"]
[White "Nadeau, Emmanuel"]
[Black "Calugar, Arthur"]
[Result "0-1"]
[WhiteElo "1720"]
[BlackElo "2076"]
[PlyCount "80"]
[EventDate "2007.07.03"]
[EventType "swiss"]
[EventRounds "7"]
[EventCountry "CAN"]
[SourceTitle "EXT 2022"]
[Source "ChessBase"]
[SourceDate "2021.10.06"]
[SourceVersion "1"]
[SourceVersionDate "2021.10.06"]
[SourceQuality "1"]

1. e4 c5 2. Nf3 Nc6 3. d4 cxd4 4. Nxd4 e6 5. Nc3 Qc7 6. Be3 a6 7. Be2 Nf6 8. Qd2 Bb4 9. a3 Nxe4 10. Qd3 Nxc3 11. bxc3 Ne5 12. Qd1 Bxc3+ 13. Bd2 Bxd4 14. Rb1 Bc3 15. 0-0 Bxd2 16. Qxd2 b5 17. Rfd1 Bb7 18. Rb3 Rc8 19. c3 h6 20. h3 Qc6 21. Bf1 0-0 22. Qe3 Nc4 23. Qg3 d5 24. Rd4 Qc7 25. Qf3 e5 26. Rd1 e4 27. Qg4 f5 28. Qh5 Qf7 29. Qh4 Ne5 30. Be2 d4 31. Rbb1 dxc3 32. Rbc1 c2 33. Rd2 Qb3 34. Qe7 Qb2 35. Re1 c1Q 36. Rxb2 Qxe1+ 37. Kh2 Qc1 38. Qxe5 Qc7 39. Qxc7 Rxc7 40. g3 Rfc8 0-1

[Event "CAN-ch U10"]
[Site "Kapuskasing"]
[Date "2004.07.09"]
[Round "7"]
[White "Calugar, Arthur"]
[Black "Nadeau, Emmanuel"]
[Result "1-0"]
[WhiteElo "1729"]
[BlackElo "1246"]
[PlyCount "102"]
[EventDate "2004.07.06"]
[EventType "swiss"]
[EventRounds "7"]
[EventCountry "CAN"]
[SourceTitle "EXT 2006"]
[Source "ChessBase"]
[SourceDate "2005.11.24"]
[SourceVersion "1"]
[SourceVersionDate "2005.11.24"]
[SourceQuality "1"]

1. e4 e5 2. Nf3 Nc6 3. Bb5 Nf6 4. 0-0 Bc5 5. c3 d6 6. d4 exd4 7. cxd4 Bb6 8. d5 Bd7 9. dxc6 bxc6 10. Bd3 0-0 11. Bg5 h6 12. Bh4 Re8 13. Nc3 Bg4 14. h3 Bh5 15. Bc2 Rb8 16. Qd3 Bg6 17. Qc4 Bc5 18. Bb3 Qe7 19. a3 Bxe4 20. Nxe4 d5 21. Qxc5 dxe4 22. Qxe7 Rxe7 23. Nd2 Rd7 24. Rad1 Rxd2 25. Rxd2 Rxb3 26. Bxf6 gxf6 27. Rd7 Rb7 28. Rfd1 Kg7 29. Re7 a5 30. Rdd7 Kg6 31. Rxc7 Rb6 32. Rxe4 Rxb2 33. Rxc6 Rb3 34. Ra4 h5 35. Rxa5 Rb1+ 36. Kh2 Ra1 37. Ra8 Kg7 38. a4 Ra2 39. a5 Rxf2 40. a6 Ra2 41. a7 Ra4 42. Rc7 Rxa7 43. Raxa7 Kg6 44. Rxf7 f5 45. Rg7+ Kf6 46. Rh7 Kg5 47. Rag7+ Kf4 48. Rxh5 Ke4 49. Rxf5 Kxf5 50. h4 Kf6 51. Rg3 Ke7 1-0

[Event "CAN-ch U10"]
[Site "Kapuskasing"]
[Date "2004.07.08"]
[Round "5"]
[White "Nadeau, Emmanuel"]
[Black "Gupta, Udit"]
[Result "1/2-1/2"]
[WhiteElo "1246"]
[BlackElo "1276"]
[PlyCount "70"]
[EventDate "2004.07.06"]
[EventType "swiss"]
[EventRounds "7"]
[EventCountry "CAN"]
[SourceTitle "EXT 2006"]
[Source "ChessBase"]
[SourceDate "2005.11.24"]
[SourceVersion "1"]
[SourceVersionDate "2005.11.24"]
[SourceQuality "1"]

1. e4 c5 2. Nc3 Nc6 3. Nf3 d6 4. Bc4 Nf6 5. 0-0 e6 6. d3 Be7 7. Bg5 0-0 8. h3 a6 9. Qd2 Nd7 10. Bxe7 Qxe7 11. Rfe1 Rd8 12. Re2 Rb8 13. a4 Nd4 14. Nxd4 cxd4 15. Nd1 Qf6 16. c3 dxc3 17. Nxc3 Ne5 18. Rae1 Qg6 19. Qe3 Nxc4 20. dxc4 e5 21. Rd2 Be6 22. Nd5 Bxd5 23. Rxd5 Rbc8 24. b3 Rc5 25. Rxc5 dxc5 26. Qxc5 Qd6 27. Qxd6 Rxd6 28. Kf1 Kf8 29. f3 Ke7 30. Kf2 Rd3 31. Re3 Rd4 32. g4 g6 33. Ke2 Ke6 34. Rd3 Kd6 35. b4 g5 1/2-1/2